Detalles MARC
| 000 -CABECERA |
| campo de control de longitud fija |
00988cam a2200265 a 4500 |
| 001 - NÚMERO DE CONTROL |
| campo de control |
000017341 |
| 005 - FECHA Y HORA DE LA ÚLTIMA TRANSACCIÓN |
| campo de control |
20200929165103.0 |
| 008 - DATOS DE LONGITUD FIJA--INFORMACIÓN GENERAL |
| campo de control de longitud fija |
910418s1991 flub b s001 0 eng |
| 020 ## - NÚMERO INTERNACIONAL ESTÁNDAR DEL LIBRO |
| Número Internacional Estándar del Libro |
0813010756 |
| 040 ## - FUENTE DE LA CATALOGACIÓN |
| Centro catalogador/agencia de origen |
DO-SdBNP |
| Centro/agencia transcriptor |
DLC |
| Centro/agencia modificador |
DLC |
| -- |
BNPHU |
| 041 17 - CÓDIGO DE LENGUA |
| Código de lengua del texto/banda sonora o título independiente |
eng |
| Código de lengua original |
spa |
| Fuente del código |
Código de idioma MARC |
| 082 ## - NÚMERO DE LA CLASIFICACIÓN DECIMAL DEWEY |
| Número de clasificación |
NNNN |
| Número de documento/Ítem |
M678c |
| 049 ## - FONDOS LOCALES (OCLC) |
| Fondos de biblioteca |
BNGR |
| 245 00 - MENCIÓN DE TÍTULO |
| Título |
Missions to the Calusa / |
| Mención de responsabilidad, etc. |
edited and translated by John H. Hann ; introduction by William H. Marquardt. |
| 260 ## - PUBLICACIÓN, DISTRIBUCIÓN, ETC. |
| Lugar de publicación, distribución, etc. |
Gainesville : |
| Nombre del editor, distribuidor, etc. |
University of Florida Press ; |
| -- |
Florida Museum of Natural History, |
| Fecha de publicación, distribución, etc. |
1991. |
| 300 ## - DESCRIPCIÓN FÍSICA |
| Extensión |
xix, 460 p. : |
| Otras características físicas |
map ; |
| Dimensiones |
24 cm. |
| 490 #0 - MENCIÓN DE SERIE |
| Mención de serie |
Ripley P. Bullen |
| 500 #0 - NOTA GENERAL |
| Nota general |
Columbus quincentenary |
| 500 ## - NOTA GENERAL |
| Nota general |
Translations from Spanish. |
| 504 ## - NOTA DE BIBLIOGRAFÍA, ETC. |
| Nota de bibliografía, etc. |
Includes bibliographical references (p. 433-434) and index. |
| 650 #0 - PUNTO DE ACCESO ADICIONAL DE MATERIA--TÉRMINO DE MATERIA |
| Término de materia o nombre geográfico como elemento de entrada |
Calusa indians |
| Subdivisión general |
History |
| -- |
Sources. |
| 9 (RLIN) |
37993 |
| 650 #0 - PUNTO DE ACCESO ADICIONAL DE MATERIA--TÉRMINO DE MATERIA |
| Término de materia o nombre geográfico como elemento de entrada |
Calusa indians |
| Subdivisión general |
Missions. |
| 9 (RLIN) |
37994 |
| 700 1# - PUNTO DE ACCESO ADICIONAL--NOMBRE DE PERSONA |
| Nombre de persona |
Marquardt, William H., |
| Término indicativo de función/relación |
intr. |
| 9 (RLIN) |
37995 |
| 700 1# - PUNTO DE ACCESO ADICIONAL--NOMBRE DE PERSONA |
| Nombre de persona |
Hann, John H., |
| Término indicativo de función/relación |
tr. |
| 9 (RLIN) |
37996 |